Four decades of scientific explanation (Registro nro. 90642)

Detalles MARC
000 -ENCABEZADO
Número de control [NR] 00837nam a22002297a 4500
005 - FECHA Y HORA DE LA ÚLTIMA TRANSACCIÓN
control field 20190111080934.0
008 - DE LONGITUD FIJA DE DATOS DE ELEMENTOS - INFORMACIÓN GENERAL
Elementos de longitud fija [NR] 130821s1989 xxu gr eng
020 ## - NUMERO INTERNACIONAL NORMALIZADO PARA LIBROS [R]
Número Internacional Normalizado del libro [NR] 0822959267
020 ## - NUMERO INTERNACIONAL NORMALIZADO PARA LIBROS [R]
Número Internacional Normalizado del libro [NR] 9780822959267
040 ## - FUENTE DE CATALOGACION [NR]
Agencia de catalogación original [NR] Co-BoUCM
Idioma de catalogación [NR] spa
Quien Cataloga Saul Niño (Modificó)
Quien Clasifica [Nuevo]
041 00 - CODIGO DE IDIOMA [R]
Código de idioma para texto/pista de sonido o título separado [R] Inglés
100 1# - ASIENTO PRINCIPAL--NOMBRE PERSONAL [NR]
Nombre personal [NR] Salmon, Wesley C.
ID Autoridad 95080
245 10 - MENCION DE TITULO [NR]
Título [NR] Four decades of scientific explanation
Mención de responsabilidad, etc. [NR] Wesley C. Salmon ; foreword by Paul Humphreys
260 ## - PUBLICACION, DISTRIBUCION, ETC. (PIE DE IMPRENTA) [R]
Lugar de publicación, distribución, etc. [R] Minneapolis (Minnesota, Estados Unidos)
Nombre del editor, distribuidor, etc. [R] University of Minnesota Press
Fecha de publicación, distribución, etc. [R] 1989
300 ## - DESCRIPCION FISICA [R]
Extensión [R] xiv, 234 páginas
650 04 - ASIENTO SECUNDARIO DE MATERIA - TERMINO TEMATICO [R]
Término temático o nombre geográfico como elemento de entrada [NR] Ciencias naturales
9 (RLIN) 10813
650 04 - ASIENTO SECUNDARIO DE MATERIA - TERMINO TEMATICO [R]
Término temático o nombre geográfico como elemento de entrada [NR] Filosofía de la ciencia
Subdivisión general [R] Historia
9 (RLIN) 15753
650 04 - ASIENTO SECUNDARIO DE MATERIA - TERMINO TEMATICO [R]
Término temático o nombre geográfico como elemento de entrada [NR] Metodología científica
Subdivisión general [R] Historia
9 (RLIN) 19434
700 10 - ASIENTO SECUNDARIO - NOMBRE PERSONAL [R]
Nombre personal [NR] Humphreys, Paul
9 (RLIN) 95081
942 ## - ELEMENTOS DE ENTRADA AGREGADOS (KOHA)
Tipo de ítem principal el descrito en 300a Libro
Tema principal Ciencias puras
Edición 1
Parte restante de la signatura top. S172f
Sistema de clasificación DEWEY
Clasificación 501
Existencias
Fecha de último préstamo Total préstamos Total Renewals Signatura topográfica Código de barras Última vez visto Ejemplar Price effective from Tipo de ítem Perdido Sistema de clasificación Dañado No prestable Tipo de ítem específico Suprimido Ubicación habitual Ubicación actual Localización Fecha de creación Forma de adquisición Costo Costo de reposición Proveedor
21/08/2018 4 4 501 S172f 100096094 05/12/2025 Ej.2 03/02/2013 Libro   DEWEY     Libro   Claustro Claustro 2do piso 28/02/2013 Compra 68000.00    
      501 S172f 100158921 05/12/2025 Ej.3 10/01/2019 Libro   DEWEY     Libro   Claustro Claustro 2do piso 10/01/2019 Compra 90666.00 90666.00 15